Grieg /
Vida y obra de Edward Grieg. La Escuela nacionalista. Ejemplos musicales: Peer Gynt, Concierto para piano en La, etc. Influencia y apoyo de Lizt en sus composiciones para piano.
Guardado en:
| Autor Principal: | |
|---|---|
| Formato: | |
| Series: | Música maestro
|
| Materias: | |
| Etiquetas: |
Agregar Etiqueta
Sin Etiquetas, Sea el primero en etiquetar este registro!
|
| LEADER | 00964ngm a22002655g 4500 | ||
|---|---|---|---|
| 001 | CEM.cems022434 | ||
| 008 | 130507b1999##################0###0#####d | ||
| 005 | 20241101172240.0 | ||
| 245 | 1 | 0 | |a Grieg / |c Graham Holloway. |
| 300 | |a 52'. | ||
| 490 | 0 | |a Música maestro | |
| 500 | |a En soporte VHS, consultar en ventanilla. | ||
| 520 | |a Vida y obra de Edward Grieg. La Escuela nacionalista. Ejemplos musicales: Peer Gynt, Concierto para piano en La, etc. Influencia y apoyo de Lizt en sus composiciones para piano. | ||
| 538 | |a Soporte: VHS - Norma: Pal N - Color: Si - Grabación DRD 1999 - Hitachi=2520 | ||
| 100 | 1 | |a Holloway, Graham | |
| 082 | 7 | 8 | |/ HOL-1 |
| 653 | |a MUSICA | ||
| 653 | |a MUSICA SINFONICA | ||
| 653 | |a HISTORIA DE LA MUSICA | ||
| 653 | |a ORQUESTA SINFONICA | ||
| 653 | |a GRIEG | ||
| 653 | |a BIOGRAFIAS | ||
| 653 | |a NIVEL PRIMARIO | ||
| 653 | |a NIVEL SECUNDARIO | ||
| 859 | |a CEMS |b BIB. CEMS - Depto. Recursos Didacticos |h 785 |i HOL-1 |k DRD |p 1077.12 |t Ej.1 | ||
